| 000 | 01169nas a2200337 4500 | ||
|---|---|---|---|
| 001 | BR2015000601 | ||
| 003 | BR-BrBNA | ||
| 005 | 20231205124950.0 | ||
| 007 | ta | ||
| 008 | 230509b bl.|||p| |||| 00| 00por d | ||
| 040 |
_aBR-BrBNA _bpor _cBiblioteca Nacional de Agricultura |
||
| 041 | _a(Pt) | ||
| 072 | _aF07 | ||
| 100 | 1 | _aCunha, J.L.X.L. | |
| 100 | 1 | _aFreitas, F.C.L. | |
| 100 | 1 | _aAmbrósio, M.M.Q. | |
| 100 | 1 | _aFontes, L.O. | |
| 100 | 1 | _aNascimento, P.G.M.L. | |
| 100 | 1 | _aGuimarães, L.M.S. | |
| 245 | 1 | _aComunidade microbiana do solo cultivado com pimentão nos sistemas de plantio direto e convencional associado ao manejo de plantas daninhas | |
| 246 | 1 | _aSoil microbial community cultivated with peppers in no-tillage and conventional systems associated with weed management | |
| 650 | _aPIMENTAO | ||
| 650 | _aPOPULACAO MICROBIANA | ||
| 650 | _aERVA DANINHA | ||
| 650 | _aCULTIVO DO SOLO | ||
| 650 | _aCOBERTURA DO SOLO | ||
| 650 | _aPRATICA CULTURAL | ||
| 773 | 0 |
_tPlanta Daninha (Brazil) _xISSN 0100-8358 _g(Jul-Sep 2014), v. 32(3) p. 543-554 _wBR2015000601 |
|
| 909 |
_a202311 _bLúcia _c55 _dLúcia Elande |
||
| 942 |
_2AGRIS _n0 _cANA |
||
| 999 |
_c241884 _d241884 |
||